Statistics for Jerusalem...or Tel Aviv?

Click here to take the quiz!

General Stats

  • This quiz has been taken 138 times
  • The average score is 13 of 15

Answer Stats

QuestionAnswer% Correct
Is partially claimed by PalestineJerusalem
98%
Is the capital of IsraelJerusalem
96%
Is sacred in the three major Abrahamic religionsJerusalem
96%
Has a larger LGBT populationTel Aviv
96%
Has existed longerJerusalem
95%
Was divided in the 1960s due to an Israeli-Jordanian warJerusalem
95%
Lies on the MediterraneanTel Aviv
95%
Is written القُدس in ArabicJerusalem
93%
Is home to the Israeli stock exchangeTel Aviv
93%
Is written תֵּל אָבִיב in HebrewTel Aviv
91%
Is part of the Gush Dan metro areaTel Aviv
85%
Was built on sand dunesTel Aviv
81%
Is farther northTel Aviv
77%
Has a larger populationJerusalem
73%
Has a larger Jewish populationTel Aviv
57%

Score Distribution

Percentile by Number Answered

Percent of People with Each Score

Your Score History

You have not taken this quiz